banner koha

Quantification of Treg cells in peripheral blood and lymph nodes of dogs with multicentric lymphoma (Registro n. 300797)

MARC details
000 -LÍDER
fixed length control field 04048nab a2200397 i 4500
003 - CÓDIGO MARC DA AGÊNCIA CATALOGADORA
Campo de controle BR-BrBNA
005 - DATA E HORA DA ÚLTIMA ATUALIZAÇÃO
Campo de controle 20240808135208.0
008 - CAMPO DE TAMANHO FIXO
fixed length control field 240808b2017 bl.|r|pooa||| 00| 0 eng |
040 ## - FONTE DA CATALOGAÇÃO
Agência catalogadora BR-BrBNA
Idioma da catalogação eng
072 ## - CATEGORIA AGRIS
Código AGRIS L73
Código do objeto 5400
072 ## - CATEGORIA AGRIS
Código AGRIS L70
100 ## - ENTRADA PRINCIPAL - NOME PESSOAL
Nome pessoal Anaí, L.A.
100 ## - ENTRADA PRINCIPAL - NOME PESSOAL
Nome pessoal Munhoz, T.D.
100 ## - ENTRADA PRINCIPAL - NOME PESSOAL
Nome pessoal Semolin, L.M.S.
100 ## - ENTRADA PRINCIPAL - NOME PESSOAL
Nome pessoal Reis Filho, N.P.
100 ## - ENTRADA PRINCIPAL - NOME PESSOAL
Nome pessoal Terra, E.M.
100 ## - ENTRADA PRINCIPAL - NOME PESSOAL
Nome pessoal Jark, P.C.
100 ## - ENTRADA PRINCIPAL - NOME PESSOAL
Nome pessoal Fonseca, D.M.
100 ## - ENTRADA PRINCIPAL - NOME PESSOAL
Nome pessoal Nogueira, A.F.S.
100 ## - ENTRADA PRINCIPAL - NOME PESSOAL
Nome pessoal Tinucci-Costa, M.
100 ## - ENTRADA PRINCIPAL - NOME PESSOAL
Nome pessoal Santana, A.E.
245 ## - TÍTULO PRINCIPAL
Título principal Quantification of Treg cells in peripheral blood and lymph nodes of dogs with multicentric lymphoma
500 ## - NOTA GERAL
Nota geral Publicação online; 22 ref.; 2 tables; 2 illus.; Summaries (En, Pt)
942 ## - ADDED ENTRY ELEMENTS (KOHA)
Koha item type
520 ## - NOTA DE RESUMO
Nota de conteúdo <br/><br/>ABSTRACT - Lymphoma is a malignant tumor characterized by cell proliferation of lymphoid origin and corresponds to 90% of all hematopoietic neoplasms of dogs. Regulatory T cells (Tregs) have been the target of many investigations in oncology due to their potential of down-regulating immune responses, as well as ensuring the maintenance of active mechanisms of tumor suppression. The aims of the present study were to compare the percentage of Tregs in peripheral blood between dogs with multicentric lymphoma and healthy animals, together with the percentage of Tregs in peripheral blood and lymph nodes of dogs with multicentric lymphoma. Twenty-six animals were enrolled in the study: 10 healthy dogs comprised the control group (CG) and 16 dogs with multicentric lymphoma comprised the Lymphoma Group (LG). We observed that dogs in the LG showed a significantly higher Tregs expression in peripheral blood compared to the CG. No significant difference was observed between Tregs expression in lymph nodes and peripheral blood of the LG, however. With these results, it is possible to conclude that multicentric lymphoma is a neoplasm with high Tregs expression, which poses this as a condition of interest when investigating treatments that can suppress Regulatory T cells.<br/><br/><br/>Keywords: regulatory T cells, canine, lymphoma, Foxp3
520 ## - NOTA DE RESUMO
Nota de conteúdo <br/><br/>RESUMO - O linfoma é uma neoplasia maligna caracterizada pela proliferação neoplásica de células originadas de tecido linfoide e corresponde a cerca de 90% das neoplasias hematopoiéticas em cães. Células T reguladoras (Tregs) têm sido alvo de diversas investigações na área da oncologia devido ao potencial de regulação negativa da resposta do sistema imune e à manutenção ativa do mecanismo de imunossupressão tumoral. O objetivo do presente estudo foi a comparação da porcentagem de Tregs no sangue periférico entre cães com linfoma multicêntrico e animais saudáveis e a porcentagem de Tregs no sangue periférico e nos linfonodos de cães com linfoma multicêntrico. Foram utilizados 26 animais: 10 cães saudáveis, como grupo controle (CG), e 16 cães com linfoma multicêntrico, como grupo linfoma (LG). Observou-se maior expressão de Tregs no sangue periférico de cães do LG em comparação ao CG. Entretanto, não foi observada diferença significativa entre as expressões de Treg nos linfonodos e no sangue periférico do LG. Com esses resultados, foi possível concluir que o linfoma multicêntrico apresenta alta expressão de Tregs, tornando-se condição interessante para o estudo de tratamentos capazes de suprimir as células T reguladoras.<br/><br/><br/>Palavras-chave: células T reguladoras, canino, linfoma, Foxp3
650 ## - ASSUNTO - THESAGRO
Cabeçalho tópico ou nome geográfico CÃO
650 ## - ASSUNTO - THESAGRO
Cabeçalho tópico ou nome geográfico DOENÇA ANIMAL
650 ## - ASSUNTO - THESAGRO
Cabeçalho tópico ou nome geográfico LINFOMA
650 ## - ASSUNTO - THESAGRO
Cabeçalho tópico ou nome geográfico TUMOR
650 ## - ASSUNTO - THESAGRO
Cabeçalho tópico ou nome geográfico NEOPLASIA
650 ## - ASSUNTO - THESAGRO
Cabeçalho tópico ou nome geográfico VETERINÁRIA
773 0# - ENTRADA ANALÍTICA
Host Biblionumber 1643
Registro do item 316504
Imprenta Belo Horizonte-MG Universidade Federal de Minas Gerais - Escola de Veterinaria 1983
Outro identificador 2024-2999
Título Arquivo Brasileiro de Medicina Veterinária e Zootecnia (Brazil)
ISSN 0102-0935
Colação v. 69(6) p. 1496-1502; (2017)
Número de controle de registro 2024002241
856 ## - ACESSO E ENDEREÇO ELETRÔNICO
Identificador uniforme de recurso - URI https://www.scielo.br/j/abmvz/a/JKN3ZznZvzbQW7gm68qRMzG/?format=pdf&lang=en

Nenhum exemplar disponível.

BINAGRI

Telefone: (61)3218-2567/2388/3357/2097 - binagri@agro.gov.br

Ministério da Agricultura e Pecuária , Esplanada dos Ministérios, Bloco D, Anexo B, Brasília/DF, CEP: 70.043-900